书目信息 |
| 题名: |
冷热源系统
|
|
| 作者: | 杜渐 主编 ;江惠红 , 袁发崇 , 田华 编写 | |
| 分册: | ||
| 出版信息: | 北京 中国电力出版社 2007.07 |
|
| 页数: | 329页 | |
| 开本: | 26cm | |
| 丛书名: | ||
| 单 册: | ||
| 中图分类: | TU831.6 | |
| 科图分类: | ||
| 主题词: | 制冷系统--zhi leng xi tong--技术教育--教材 , 供热系统--gong re xi tong--技术教育--教材 | |
| 电子资源: | ||
| ISBN: | 978-7-5083-5410-1 | |
| 000 | 01178nam0 2200301 450 | |
| 001 | 012007559604 | |
| 005 | 20071228174050.68 | |
| 010 | @a978-7-5083-5410-1@dCNY31.80 | |
| 100 | @a20071228d2007 km y0chiy0120 ea | |
| 101 | 0 | @achi |
| 102 | @aCN@b110000 | |
| 105 | @aak a 000yy | |
| 106 | @ar | |
| 200 | 1 | @a冷热源系统@Aleng re yuan xi tong@f杜渐主编@Fdu jian zhu bian@g江惠红, 袁发崇, 田华编写@Gjiang hui hong,yuan fa chong,tian hua bian xie |
| 210 | @a北京@c中国电力出版社@d2007.07 | |
| 215 | @a329页@c图@d26cm | |
| 300 | @a技能型紧缺人才培养培训建筑设备类专业教学用书 | |
| 320 | @a有书目 (第329页) | |
| 330 | @a本书主要内容包括热源设备基本知识,燃料与燃烧计算,锅炉的热平衡,锅炉的燃烧设备,锅炉的构造,锅炉的炉型及选择,锅炉房的燃料供给与除灰渣,锅炉的烟气除尘与通风,锅炉给水的处理系统等。 | |
| 606 | 0 | @a制冷系统@Azhi leng xi tong@x技术教育@j教材 |
| 606 | 0 | @a供热系统@Agong re xi tong@x技术教育@j教材 |
| 690 | @aTU831.6@v4 | |
| 701 | 0 | @a杜渐@Adu jian@4主编 |
| 702 | 0 | @a江惠红@Ajiang hui hong@4编写 |
| 702 | 0 | @a袁发崇@Ayuan fa chong@4编写 |
| 702 | 0 | @a田华@Atian hua@4编写 |
| 801 | 0 | @aCN@bQSSK@c20071228 |
| 905 | @b274275-77@dTU831.6@eD825@f3 | |
| 冷热源系统/杜渐主编/江惠红, 袁发崇, 田华编写.-北京:中国电力出版社,2007.07 |
| 329页:图;26cm |
| 技能型紧缺人才培养培训建筑设备类专业教学用书 |
| ISBN 978-7-5083-5410-1:CNY31.80 |
| 本书主要内容包括热源设备基本知识,燃料与燃烧计算,锅炉的热平衡,锅炉的燃烧设备,锅炉的构造,锅炉的炉型及选择,锅炉房的燃料供给与除灰渣,锅炉的烟气除尘与通风,锅炉给水的处理系统等。 |
| ● |
| 相关链接 |
|
|
|
正题名:冷热源系统
索取号:TU831.6/D825
 
预约/预借
| 序号 | 登录号 | 条形码 | 馆藏地/架位号 | 状态 | 备注 |
| 1 | 274275 | 202742755 | 自科二线404/404自科库 15排4列5层/ [索取号:TU831.6/D825] | 在馆 | |
| 2 | 274276 | 202742764 | 建筑库201/201建筑库 52排1列2层/ [索取号:TU831.6/D825] | 在馆 | |
| 3 | 274277 | 202742773 | 建筑库201/201建筑库 52排1列2层/ [索取号:TU831.6/D825] | 在馆 |